Business knigge international <der> Schnellkurs

Guardado en:
Detalles Bibliográficos
Autor principal: Oppel, Kai
Formato: Libro
Lenguaje:inglés
Publicado: München Haufe Verlag 2008
Edición:2. Aufl.
Materias:
Etiquetas: Agregar Etiqueta
Sin Etiquetas, Sea el primero en etiquetar este registro!

MARC

LEADER 00000nam a2200000 4500
001 0118813
005 20240313132751.3
020 |a 978-3-448-08747-5 
041 0 |a eng 
044 |a DE 
245 1 0 |a Business knigge international  |b <der> Schnellkurs  |c Kai Oppel 
250 |a 2. Aufl. 
264 1 |a München  |b Haufe Verlag  |c 2008 
300 |a 240 s. 
610 2 0 |a spolupráca medzinárodná 
610 2 0 |a vzťahy obchodné 
610 2 0 |a zvyklosti kultúrne 
610 2 0 |a štýl životný 
610 2 0 |a komunikácia interpersonálna 
610 2 0 |a stolovanie 
610 2 0 |a cudzinci 
610 2 0 |a porovnanie medzinárodné 
610 2 0 |a etiketa 
100 1 |a Oppel, Kai